[Event "Figueira 2023"]
[Site "?"]
[Date "2023.11.10"]
[Round "7.1"]
[White "Albornoz Cabrera, Carlos Daniel"]
[Black "Janik, Igor"]
[Result "1/2-1/2"]
[BlackElo "2501"]
[WhiteElo "2585"]
[LiveChessVersion "1.4.8"]

1. e4 {[%clk 1:30:57]} c6 {[%clk 1:30:54]} 2. d4 {[%clk 1:31:23]} d5
{[%clk 1:31:18]} 3. e5 {[%clk 1:31:49]} Bf5 {[%clk 1:31:42]} 4. Nf3
{[%clk 1:32:15]} e6 {[%clk 1:32:06]} 5. Be2 {[%clk 1:32:41]} c5 {[%clk 1:32:30]}
6. c3 {[%clk 1:33:07]} Nc6 {[%clk 1:32:37]} 7. O-O {[%clk 1:33:32]} Bg4
{[%clk 1:32:19]} 8. Bg5 {[%clk 1:33:52]} Qb6 {[%clk 1:11:40]} 9. c4
{[%clk 1:34:08]} h6 {[%clk 1:03:00]} 10. Bh4 {[%clk 1:04:00]} Nge7
{[%clk 0:50:10]} 11. cxd5 {[%clk 0:45:13]} Nxd5 {[%clk 0:49:55]} 12. Nc3
{[%clk 0:45:39]} g5 {[%clk 0:46:11]} 13. Nxd5 {[%clk 0:45:05]} exd5
{[%clk 0:46:33]} 14. dxc5 {[%clk 0:43:38]} Bxc5 {[%clk 0:45:53]} 15. Bg3
{[%clk 0:44:04]} Be6 {[%clk 0:45:35]} 1/2-1/2

[Event "Figueira 2023"]
[Site "?"]
[Date "2023.11.10"]
[Round "7.2"]
[White "Prraneeth, Vuppala"]
[Black "Lalit, Babu M R"]
[Result "1/2-1/2"]
[BlackElo "2533"]
[WhiteElo "2512"]
[LiveChessVersion "1.4.8"]

1. e4 e5 2. Nf3 Nc6 3. Bc4 Bc5 4. d3 Nf6 5. Nc3 d6 6. Na4 Bb6 7. a3 Be6 8. Bxe6
fxe6 9. O-O O-O 10. c3 Qe8 11. b4 h6 12. h3 Nh5 13. Ra2 Qg6 14. Re1 Nf4 15. Bxf4
Rxf4 16. Nh2 Raf8 17. Nxb6 axb6 18. a4 Qf7 19. Qe2 Qg6 20. g3 h5 21. Kg2 R4f7 22.
Qd1 Ne7 23. Re3 h4 24. Rf3 Qh5 25. Qe2 hxg3 26. fxg3 Ra8 27. Qe3 Rf6 28. Raf2
Raf8 29. Qe2 Qg5 30. Qa2 d5 31. h4 Qc1 32. Qc2 Qxc2 33. Rxc2 Ra8 34. Ra2 b5 35.
a5 Nc6 36. Rb2 Kf7 37. Ng4 Rxf3 38. Kxf3 Ke7 39. Ke2 Kd6 40. Nh2 b6 41. axb6 cxb6
42. Nf3 1/2-1/2

[Event "Figueira 2023"]
[Site "?"]
[Date "2023.11.10"]
[Round "7.3"]
[White "Mehar, Chinna Reddy C.H."]
[Black "Barski, Radoslaw"]
[Result "1-0"]
[BlackElo "2437"]
[WhiteElo "2366"]
[LiveChessVersion "1.4.8"]

1. d4 {[%clk 1:30:12]} d5 {[%clk 1:30:11]} 2. Nf3 {[%clk 1:30:35]} e6
{[%clk 1:30:28]} 3. Bf4 {[%clk 1:30:31]} Nf6 {[%clk 1:30:36]} 4. e3
{[%clk 1:30:36]} c5 {[%clk 1:31:01]} 5. c3 {[%clk 1:30:01]} Nc6 {[%clk 1:31:15]}
6. Nbd2 {[%clk 1:30:23]} Nh5 {[%clk 1:27:19]} 7. Bg5 {[%clk 1:30:22]} f6
{[%clk 1:27:43]} 8. Bh4 {[%clk 1:30:35]} cxd4 {[%clk 1:27:35]} 9. cxd4
{[%clk 1:30:55]} g6 {[%clk 1:23:35]} 10. Be2 {[%clk 1:30:17]} Be7
{[%clk 1:23:19]} 11. O-O {[%clk 1:30:31]} O-O {[%clk 1:22:38]} 12. Rc1
{[%clk 1:30:12]} g5 {[%clk 1:19:37]} 13. Ne1 {[%clk 1:24:30]} Ng7
{[%clk 1:19:20]} 14. Bg3 {[%clk 1:24:50]} Nf5 {[%clk 1:14:26]} 15. Nd3
{[%clk 1:22:48]} Nxg3 {[%clk 1:12:15]} 16. hxg3 {[%clk 1:23:09]} Bd6
{[%clk 1:12:42]} 17. Nc5 {[%clk 1:19:35]} Ne7 {[%clk 1:02:56]} 18. e4
{[%clk 1:10:35]} b6 {[%clk 0:58:08]} 19. Nd3 {[%clk 1:09:11]} dxe4
{[%clk 0:58:27]} 20. Nxe4 {[%clk 1:09:33]} Nf5 {[%clk 0:46:17]} 21. Bf3
{[%clk 1:05:48]} Rb8 {[%clk 0:46:35]} 22. d5 {[%clk 1:00:39]} exd5
{[%clk 0:46:39]} 23. Nc3 {[%clk 0:58:55]} d4 {[%clk 0:38:29]} 24. Nb5
{[%clk 0:56:17]} a6 {[%clk 0:31:37]} 25. Na7 {[%clk 0:49:02]} Ne7
{[%clk 0:30:43]} 26. Nxc8 {[%clk 0:47:44]} Rxc8 {[%clk 0:29:30]} 27. Qa4
{[%clk 0:47:52]} Rxc1 {[%clk 0:26:46]} 28. Rxc1 {[%clk 0:48:14]} a5
{[%clk 0:16:44]} 29. Qxd4 {[%clk 0:44:28]} Kg7 {[%clk 0:14:21]} 30. Rd1
{[%clk 0:35:29]} Qb8 {[%clk 0:13:02]} 31. Nf4 {[%clk 0:32:49]} Bxf4
{[%clk 0:13:06]} 32. gxf4 {[%clk 0:33:08]} gxf4 {[%clk 0:11:51]} 33. Re1
{[%clk 0:30:17]} Ng6 {[%clk 0:07:32]} 34. Re6 {[%clk 0:29:40]} Qc7
{[%clk 0:06:27]} 35. Rc6 {[%clk 0:20:36]} Qe5 {[%clk 0:06:01]} 36. Qxb6
{[%clk 0:13:57]} Qe1+ {[%clk 0:06:02]} 37. Kh2 {[%clk 0:14:23]} Ne5
{[%clk 0:06:23]} 38. Rc3 {[%clk 0:14:26]} Qd2 {[%clk 0:04:40]} 39. Bh5
{[%clk 0:13:42]} a4 {[%clk 0:02:10]} 40. Qa7+ {[%clk 0:42:39]} Kh8
{[%clk 0:31:10]} 41. Qe7 {[%clk 0:23:31]} Qd8 {[%clk 0:30:22]} 42. Qb4
{[%clk 0:23:08]} Qb8 {[%clk 0:22:35]} 43. Qe7 {[%clk 0:21:58]} Qd8
{[%clk 0:20:58]} 44. Qb4 {[%clk 0:16:20]} Qb8 {[%clk 0:21:15]} 45. Qxf4
{[%clk 0:12:25]} Qxb2 {[%clk 0:19:51]} 46. Qh6 {[%clk 0:10:53]} Qb8
{[%clk 0:14:01]} 47. Rg3 {[%clk 0:09:36]} Rf7 {[%clk 0:12:53]} 48. f4
{[%clk 0:09:49]} 1-0

[Event "Figueira 2023"]
[Site "?"]
[Date "2023.11.10"]
[Round "7.4"]
[White "Grigoryan, Karen H."]
[Black "Urazayev, Arystanbek"]
[Result "0-1"]
[BlackElo "2478"]
[WhiteElo "2646"]
[LiveChessVersion "1.4.8"]

1. e4 {[%clk 1:30:42]} e5 {[%clk 1:30:08]} 2. Nf3 {[%clk 1:31:03]} Nc6
{[%clk 1:30:33]} 3. Bb5 {[%clk 1:31:05]} a6 {[%clk 1:30:29]} 4. Ba4
{[%clk 1:31:26]} Nf6 {[%clk 1:30:39]} 5. d3 {[%clk 1:31:10]} Bc5 {[%clk 1:29:55]}
6. c3 {[%clk 1:28:50]} O-O {[%clk 1:24:43]} 7. O-O {[%clk 1:27:35]} d5
{[%clk 1:24:31]} 8. Nbd2 {[%clk 1:25:31]} Re8 {[%clk 1:19:52]} 9. h3
{[%clk 1:21:04]} h6 {[%clk 1:18:14]} 10. Re1 {[%clk 1:20:40]} b5 {[%clk 1:16:57]}
11. Bc2 {[%clk 1:19:42]} dxe4 {[%clk 1:10:59]} 12. dxe4 {[%clk 1:19:51]} Be6
{[%clk 1:10:16]} 13. a4 {[%clk 1:18:13]} Qc8 {[%clk 1:00:03]} 14. Nf1
{[%clk 1:17:21]} Rd8 {[%clk 0:59:48]} 15. Bd2 {[%clk 1:13:07]} b4
{[%clk 0:52:58]} 16. a5 {[%clk 1:09:07]} bxc3 {[%clk 0:49:45]} 17. bxc3
{[%clk 1:09:28]} Rb8 {[%clk 0:49:53]} 18. Qe2 {[%clk 1:05:19]} Rd6
{[%clk 0:42:53]} 19. Ng3 {[%clk 0:59:54]} Qd8 {[%clk 0:32:38]} 20. Bc1
{[%clk 0:57:06]} Rb5 {[%clk 0:28:05]} 21. Nf5 {[%clk 0:48:02]} Bxf5
{[%clk 0:27:51]} 22. exf5 {[%clk 0:48:21]} Nd5 {[%clk 0:24:43]} 23. f6
{[%clk 0:18:04]} Nxf6 {[%clk 0:22:13]} 24. Nd2 {[%clk 0:15:14]} Ne7
{[%clk 0:14:02]} 25. Nc4 {[%clk 0:13:20]} Re6 {[%clk 0:13:32]} 26. Ba4
{[%clk 0:12:05]} Rb8 {[%clk 0:13:47]} 27. Ne3 {[%clk 0:09:10]} e4
{[%clk 0:11:08]} 28. Qc4 {[%clk 0:07:53]} Qd6 {[%clk 0:10:39]} 29. Bc2
{[%clk 0:06:58]} Qe5 {[%clk 0:09:19]} 30. Ng4 {[%clk 0:04:37]} Nxg4
{[%clk 0:08:39]} 31. hxg4 {[%clk 0:05:03]} Qd5 {[%clk 0:04:51]} 32. Qxd5
{[%clk 0:02:15]} Nxd5 {[%clk 0:05:19]} 33. Rxe4 {[%clk 0:02:35]} Rf6
{[%clk 0:01:47]} 34. Re2 {[%clk 0:00:46]} Nxc3 {[%clk 0:01:40]} 35. Rd2
{[%clk 0:01:12]} Re8 {[%clk 0:01:51]} 36. Bd3 {[%clk 0:00:32]} Re1+
{[%clk 0:00:41]} 37. Kh2 {[%clk 0:00:59]} Bxf2 {[%clk 0:00:51]} 38. Bf5
{[%clk 0:01:07]} g6 {[%clk 0:00:43]} 39. Rd8+ {[%clk 0:01:31]} Kh7
{[%clk 0:00:59]} 40. Bd2 {[%clk 0:30:56]} Bg1+ {[%clk 0:31:04]} 41. Kh1
{[%clk 0:29:12]} Rxa1 {[%clk 0:30:56]} 42. Bxc3 {[%clk 0:29:37]} Rf1
{[%clk 0:23:23]} 43. Bxf6 {[%clk 0:28:42]} gxf5 {[%clk 0:22:16]} 0-1

[Event "Figueira 2023"]
[Site "?"]
[Date "2023.11.10"]
[Round "7.5"]
[White "Del Rio De Angelis, Salvador G."]
[Black "Safarli, Eltaj"]
[Result "0-1"]
[BlackElo "2610"]
[WhiteElo "2424"]
[LiveChessVersion "1.4.8"]

1. d4 Nf6 2. c4 g6 3. Nc3 d5 4. e3 Bg7 5. Qb3 dxc4 6. Bxc4 O-O 7. Nf3 c5 8. O-O
Nc6 9. dxc5 Na5 10. Qb4 Nxc4 11. Qxc4 Be6 12. Qh4 Bg4 13. Nd4 Rc8 14. h3 Bd7 15.
Nb3 Be6 16. e4 Bxb3 17. axb3 Rxc5 18. Rxa7 Qb6 19. Ra3 Qe6 20. f3 Rd8 21. Qf2
Rcc8 22. Be3 Rd3 23. Qe2 Rcd8 24. Rd1 Rxd1+ 25. Nxd1 Nh5 26. Nc3 Qd6 27. Ra1 Nf4
28. Bxf4 Qxf4 29. Rd1 Rxd1+ 30. Nxd1 Bd4+ 31. Kf1 Qc1 32. Ke1 Bb6 33. Qb5 Bc7 34.
Qd3 Qc5 35. Kd2 Qg5+ 36. Ne3 Bf4 37. g4 Qh6 38. e5 Qh4 39. Qe4 Qg3 40. Kd3 Bxe5
41. Qxb7 Bf6 42. b4 Qd6+ 43. Qd5 Qxb4 44. g5 Bxb2 45. Ng4 Kg7 46. Nh6 e6 47. Qd8
Qc3+ 48. Ke2 Qc4+ 49. Kd2 Qc1+ 50. Ke2 Qc2+ 51. Ke1 Bc3+ 52. Kf1 Qc1+ 53. Kf2
Qe1+ 54. Kg2 Qd2+ 55. Qxd2 Bxd2 56. h4 f5 57. Kf2 Bf4 58. Kg2 Kf8 59. Kf2 Be5 0-1

[Event "Figueira 2023"]
[Site "?"]
[Date "2023.11.10"]
[Round "7.6"]
[White "Das, Sayantan"]
[Black "Olsen, Filip Boe"]
[Result "1-0"]
[BlackElo "2416"]
[WhiteElo "2500"]
[LiveChessVersion "1.4.8"]

1. e4 {[%clk 1:30:46]} c5 {[%clk 1:30:25]} 2. Nf3 {[%clk 1:31:09]} d6
{[%clk 1:30:41]} 3. d4 {[%clk 1:31:29]} cxd4 {[%clk 1:30:55]} 4. Qxd4
{[%clk 1:31:47]} Nc6 {[%clk 1:30:54]} 5. Qe3 {[%clk 1:32:05]} g6 {[%clk 1:30:29]}
6. Be2 {[%clk 1:31:25]} Bg4 {[%clk 1:29:48]} 7. Qb3 {[%clk 1:21:41]} Bxf3
{[%clk 1:15:33]} 8. Bxf3 {[%clk 1:20:29]} Qc7 {[%clk 1:14:04]} 9. Nc3
{[%clk 1:16:26]} Nf6 {[%clk 1:12:56]} 10. Bg5 {[%clk 1:14:31]} Bg7
{[%clk 1:10:42]} 11. Bxf6 {[%clk 1:13:14]} exf6 {[%clk 1:05:31]} 12. Nb5
{[%clk 1:08:04]} Qa5+ {[%clk 0:54:10]} 13. c3 {[%clk 1:08:10]} O-O
{[%clk 0:54:21]} 14. O-O Rfd8 {[%clk 0:48:17]} 15. Rad1 {[%clk 0:58:15]} Bf8
{[%clk 0:48:15]} 16. Rd5 {[%clk 0:53:00]} a6 17. Nxd6 {[%clk 0:43:08]} Qc7
{[%clk 0:36:54]} 18. Nc4 {[%clk 0:43:12]} Rxd5 {[%clk 0:36:50]} 19. exd5
{[%clk 0:43:39]} Ne5 {[%clk 0:37:07]} 20. Be2 {[%clk 0:40:47]} Nxc4
{[%clk 0:36:56]} 21. Qxc4 {[%clk 0:36:02]} Qe5 {[%clk 0:32:09]} 22. Bf3
{[%clk 0:34:51]} Bd6 {[%clk 0:31:43]} 23. g3 {[%clk 0:35:14]} Re8
{[%clk 0:31:34]} 24. Kg2 {[%clk 0:33:58]} h5 {[%clk 0:27:59]} 25. a4
{[%clk 0:33:21]} Re7 {[%clk 0:21:55]} 26. a5 {[%clk 0:29:48]} Kg7
{[%clk 0:15:59]} 27. Rd1 {[%clk 0:25:58]} Qf5 {[%clk 0:14:58]} 28. Qd3
{[%clk 0:19:56]} Qc8 {[%clk 0:13:29]} 29. Qd4 {[%clk 0:16:04]} Rc7
{[%clk 0:10:11]} 30. Qb6 {[%clk 0:13:14]} Bc5 {[%clk 0:09:40]} 31. Qb3
{[%clk 0:13:42]} Bd6 {[%clk 0:10:03]} 32. Rd4 {[%clk 0:12:29]} Rc5
{[%clk 0:06:57]} 33. Qb6 {[%clk 0:09:27]} Qd7 {[%clk 0:06:21]} 34. c4
{[%clk 0:08:21]} Qc7 {[%clk 0:03:09]} 35. b4 {[%clk 0:07:44]} Be5
{[%clk 0:02:03]} 36. bxc5 {[%clk 0:03:05]} Qxb6 {[%clk 0:02:23]} 37. cxb6
{[%clk 0:03:06]} Bxd4 {[%clk 0:02:46]} 38. d6 {[%clk 0:03:33]} Kf8
{[%clk 0:02:59]} 39. Bxb7 {[%clk 0:03:56]} Bc5 {[%clk 0:02:33]} 40. Bxa6
{[%clk 0:31:23]} Bxd6 {[%clk 0:32:51]} 41. Bb7 {[%clk 0:31:07]} Bc5
{[%clk 0:31:48]} 42. Bd5 {[%clk 0:31:24]} Ke7 {[%clk 0:31:55]} 43. f4
{[%clk 0:31:27]} g5 {[%clk 0:31:51]} 44. Kf3 {[%clk 0:30:41]} Bd4
{[%clk 0:30:36]} 45. Ke4 {[%clk 0:29:55]} Bc5 {[%clk 0:30:58]} 46. h3
{[%clk 0:27:34]} Bf2 {[%clk 0:31:05]} 47. Kf5 {[%clk 0:27:41]} 1-0

[Event "Figueira 2023"]
[Site "?"]
[Date "2023.11.10"]
[Round "7.7"]
[White "Bernadskiy, Vitaliy"]
[Black "Arpan, Das (Jr)"]
[Result "1-0"]
[BlackElo "2400"]
[WhiteElo "2546"]
[LiveChessVersion "1.4.8"]

1. Nf3 d5 2. d4 e6 3. c4 a6 4. cxd5 exd5 5. Nc3 c6 6. Qc2 Nf6 7. Bg5 Be7 8. e3 h6
9. Bh4 O-O 10. Bd3 Re8 11. O-O Ne4 12. Bxe4 Bxh4 13. Bh7+ Kf8 14. Bd3 Bf6 15. h3
a5 16. e4 dxe4 17. Nxe4 Na6 18. Bxa6 Rxa6 19. Nc5 Ra8 20. Qh7 g6 21. Qxh6+ Kg8
22. Rfe1 b6 23. Ne4 Bg7 24. Qf4 Be6 25. Re3 Bd5 26. Rae1 Bxe4 27. Rxe4 Rxe4 28.
Rxe4 Qd5 29. a3 c5 30. dxc5 bxc5 31. Re2 Qd1+ 32. Re1 Qb3 33. Re3 Qxb2 34. Ng5
Qa1+ 35. Kh2 Bf6 36. h4 Rd8 37. Re4 Qb2 38. g3 Kg7 39. Kg2 Qb7 40. Nf3 Rd1 41. g4
Qb5 42. h5 Qf1+ 43. Kg3 gxh5 44. gxh5 Rd5 45. Qg4+ Kh6 46. Re6 Qa1 47. Qf4+ Kg7
48. h6+ Kg6 49. Rxf6+ Qxf6 50. Nh4+ 1-0

[Event "Figueira 2023"]
[Site "?"]
[Date "2023.11.10"]
[Round "7.8"]
[White "Antolak, Julia"]
[Black "Solodovnichenko, Yuri"]
[Result "0-1"]
[BlackElo "2490"]
[WhiteElo "2281"]
[LiveChessVersion "1.4.8"]

1. d4 {[%clk 1:30:57]} d6 {[%clk 1:28:09]} 2. e4 {[%clk 1:31:15]} g6
{[%clk 1:28:21]} 3. Nc3 {[%clk 1:30:05]} Bg7 {[%clk 1:28:32]} 4. Bg5
{[%clk 1:29:46]} a6 {[%clk 1:26:58]} 5. Qd2 {[%clk 1:26:14]} Nd7 {[%clk 1:26:21]}
6. f4 {[%clk 1:24:10]} c5 {[%clk 1:22:21]} 7. Nf3 {[%clk 1:15:45]} b5
{[%clk 1:22:32]} 8. O-O-O {[%clk 1:04:07]} Bb7 {[%clk 1:22:45]} 9. e5
{[%clk 0:58:17]} Qc7 {[%clk 1:22:51]} 10. dxc5 {[%clk 0:52:43]} dxe5
{[%clk 1:22:35]} 11. Nd5 {[%clk 0:48:13]} Bxd5 {[%clk 1:17:06]} 12. Qxd5
{[%clk 0:48:36]} Rc8 {[%clk 1:17:31]} 13. Nxe5 {[%clk 0:44:20]} Nxe5
{[%clk 1:17:45]} 14. fxe5 {[%clk 0:44:44]} Bxe5 {[%clk 1:18:02]} 15. c6
{[%clk 0:32:48]} Qxc6 {[%clk 1:01:05]} 16. Qxc6+ {[%clk 0:32:58]} Rxc6
{[%clk 1:01:30]} 17. Be2 {[%clk 0:32:56]} h6 {[%clk 1:01:19]} 18. Bf3
{[%clk 0:31:52]} Re6 {[%clk 1:01:24]} 19. Bd2 {[%clk 0:31:42]} Nf6
{[%clk 1:01:43]} 20. Rhe1 {[%clk 0:31:09]} g5 {[%clk 0:34:05]} 21. Kb1
{[%clk 0:28:29]} O-O {[%clk 0:30:22]} 22. Bb4 {[%clk 0:28:45]} Rb8
{[%clk 0:25:08]} 23. h3 {[%clk 0:26:44]} Kf8 {[%clk 0:21:42]} 24. a3
{[%clk 0:20:01]} h5 {[%clk 0:19:36]} 25. Bd5 {[%clk 0:16:38]} Nxd5
{[%clk 0:19:51]} 26. Rxd5 {[%clk 0:17:04]} Bf6 {[%clk 0:14:51]} 27. Rxe6
{[%clk 0:16:24]} fxe6 {[%clk 0:15:17]} 28. Rd7 {[%clk 0:16:47]} Rc8
{[%clk 0:13:39]} 29. b3 {[%clk 0:16:09]} Kf7 {[%clk 0:12:41]} 30. Kc1
{[%clk 0:15:53]} e5 {[%clk 0:11:14]} 31. Kd2 {[%clk 0:15:36]} e4 {[%clk 0:10:27]}
32. c3 {[%clk 0:15:41]} Ke6 33. Ra7 {[%clk 0:15:37]} Kf5 {[%clk 0:04:48]} 34.
Bxe7 {[%clk 0:14:20]} Bxc3+ {[%clk 0:04:58]} 35. Ke3 {[%clk 0:14:42]} Rc6
{[%clk 0:01:20]} 36. Bf8 {[%clk 0:09:29]} Bf6 {[%clk 0:01:01]} 37. Bb4
{[%clk 0:09:03]} Re6 {[%clk 0:00:35]} 38. Rd7 {[%clk 0:08:49]} g4
{[%clk 0:00:37]} 39. Rd5+ {[%clk 0:08:02]} Re5 {[%clk 0:00:46]} 40. hxg4+
{[%clk 0:38:12]} hxg4 {[%clk 0:31:10]} 41. Rd6 {[%clk 0:34:44]} Bg5+
{[%clk 0:30:00]} 42. Ke2 {[%clk 0:33:14]} Re6 {[%clk 0:22:44]} 43. Rd5+
{[%clk 0:33:19]} Kg6 44. Bd2 {[%clk 0:33:23]} Bh4 {[%clk 0:08:59]} 45. Bf4
{[%clk 0:31:30]} Be7 {[%clk 0:07:00]} 46. a4 {[%clk 0:30:28]} bxa4
{[%clk 0:07:26]} 47. bxa4 {[%clk 0:30:53]} Rc6 {[%clk 0:06:42]} 48. Ra5
{[%clk 0:26:36]} Bb4 {[%clk 0:04:44]} 49. Re5 {[%clk 0:24:23]} Rc2+
{[%clk 0:02:39]} 50. Kf1 {[%clk 0:23:53]} Bd6 {[%clk 0:00:33]} 51. Rg5+
{[%clk 0:20:29]} Kf6 {[%clk 0:01:02]} 52. Be3 {[%clk 0:20:45]} Rc3
{[%clk 0:00:33]} 53. Bd4+ {[%clk 0:17:56]} Kxg5 {[%clk 0:01:01]} 54. Bxc3
{[%clk 0:18:19]} Kf4 {[%clk 0:00:33]} 55. Ke2 {[%clk 0:16:55]} Kg3
{[%clk 0:00:45]} 56. Ke3 {[%clk 0:16:45]} Kxg2 {[%clk 0:01:09]} 57. Kxe4
{[%clk 0:17:13]} g3 {[%clk 0:01:24]} 58. Kd5 {[%clk 0:17:34]} Be7
{[%clk 0:00:32]} 59. Be1 {[%clk 0:16:56]} a5 {[%clk 0:00:32]} 60. Bxa5
{[%clk 0:16:44]} Kf3 {[%clk 0:00:49]} 61. Bc7 {[%clk 0:13:56]} g2
{[%clk 0:01:15]} 62. Bh2 {[%clk 0:14:10]} Bb4 {[%clk 0:01:11]} 63. Kc6
{[%clk 0:13:36]} Be1 {[%clk 0:01:32]} 64. Kb7 {[%clk 0:09:33]} Bf2
{[%clk 0:01:32]} 65. a5 {[%clk 0:09:38]} Kg4 {[%clk 0:01:59]} 66. a6
{[%clk 0:09:54]} Kh3 {[%clk 0:02:24]} 67. a7 {[%clk 0:10:07]} Bxa7
{[%clk 0:02:48]} 0-1

[Event "Figueira 2023"]
[Site "?"]
[Date "2023.11.10"]
[Round "7.9"]
[White "Spraggett, Kevin"]
[Black "Davtyan, David Arm."]
[Result "1/2-1/2"]
[BlackElo "2362"]
[WhiteElo "2480"]
[LiveChessVersion "1.4.8"]

1. d4 Nf6 2. c4 e6 3. Nf3 d5 4. Nc3 dxc4 5. e4 Bb4 6. Bxc4 Nxe4 7. O-O Nxc3 8.
bxc3 Be7 9. Qe2 c6 10. Bf4 Nd7 11. Rad1 Nb6 12. Bb3 Nd5 13. Bd2 b5 14. Ne5 Bb7
15. Qf3 Bf6 16. Rfe1 Qe7 17. Nd3 a5 18. Nc5 O-O 19. Re4 b4 20. cxb4 axb4 21. Rde1
Bc8 22. Qd3 Rd8 23. Qc4 Qa7 24. h4 Ba6 25. Qc2 Bb5 26. h5 Nb6 27. h6 Bxd4 28. Bg5
Nc4 29. Bxd8 Rxd8 30. Bxc4 Qxc5 31. Rc1 Qxc4 32. Qxc4 Bxc4 33. Rxc4 c5 34. hxg7
Kxg7 35. Kf1 Ra8 36. Rc2 e5 37. Rg4+ Kf6 38. Rh4 Kg6 39. Rg4+ Kf6 40. Rh4 Ke6 41.
Rxh7 Bc3 42. Rh3 Kd5 43. Ke2 Bd4 44. Rh7 Rf8 45. Rh6 Rg8 1/2-1/2

[Event "Figueira 2023"]
[Site "?"]
[Date "2023.11.10"]
[Round "7.10"]
[White "Sousa, Andre Ventura"]
[Black "Rajesh, V A V"]
[Result "1/2-1/2"]
[BlackElo "2310"]
[WhiteElo "2441"]
[LiveChessVersion "1.4.8"]

1. e4 {[%clk 1:30:57]} e5 {[%clk 1:30:38]} 2. Nf3 {[%clk 1:31:23]} Nc6
{[%clk 1:30:38]} 3. Bb5 {[%clk 1:31:40]} a6 {[%clk 1:31:03]} 4. Ba4
{[%clk 1:32:08]} d6 {[%clk 1:31:22]} 5. O-O {[%clk 1:32:22]} Bd7 {[%clk 1:31:47]}
6. c3 {[%clk 1:32:35]} Nge7 {[%clk 1:30:41]} 7. d4 {[%clk 1:32:33]} Ng6
{[%clk 1:30:06]} 8. dxe5 {[%clk 1:17:06]} dxe5 {[%clk 1:28:50]} 9. Be3
{[%clk 1:17:07]} Be7 {[%clk 1:26:49]} 10. c4 {[%clk 1:16:14]} O-O
{[%clk 1:26:52]} 11. Nc3 {[%clk 1:15:06]} Bg4 {[%clk 1:26:36]} 12. Bxc6
{[%clk 1:13:27]} bxc6 {[%clk 1:27:01]} 13. h3 {[%clk 1:09:22]} Qxd1
{[%clk 1:24:30]} 14. Rfxd1 {[%clk 1:09:48]} Bxf3 {[%clk 1:24:11]} 15. gxf3
{[%clk 1:10:14]} Rad8 {[%clk 1:24:21]} 16. Kf1 {[%clk 1:05:46]} f6
{[%clk 1:19:24]} 17. a3 {[%clk 0:58:06]} a5 {[%clk 1:14:53]} 18. Rxd8
{[%clk 0:49:21]} Rxd8 {[%clk 1:14:38]} 19. Rd1 {[%clk 0:49:49]} Rb8
{[%clk 1:11:21]} 20. Na4 {[%clk 0:48:54]} Kf7 {[%clk 1:01:16]} 21. Rd7
{[%clk 0:34:57]} Rc8 {[%clk 1:01:04]} 22. Rd3 {[%clk 0:31:23]} Ke8
{[%clk 0:59:33]} 23. Rb3 {[%clk 0:31:27]} Ra8 {[%clk 0:59:37]} 24. Rb7
{[%clk 0:25:51]} Kd8 {[%clk 0:59:16]} 25. Kg2 {[%clk 0:26:05]} Bd6
{[%clk 0:51:29]} 26. Kg3 {[%clk 0:23:01]} Kc8 {[%clk 0:51:03]} 27. Rb3
{[%clk 0:23:19]} h5 {[%clk 0:45:30]} 28. c5 {[%clk 0:20:08]} Be7 {[%clk 0:43:25]}
29. f4 {[%clk 0:20:33]} exf4+ {[%clk 0:40:54]} 30. Bxf4 {[%clk 0:20:58]} Ne5
{[%clk 0:40:03]} 31. Bxe5 {[%clk 0:17:02]} fxe5 {[%clk 0:40:28]} 32. Rd3
{[%clk 0:17:29]} g5 {[%clk 0:37:53]} 33. Rb3 {[%clk 0:12:19]} Kd7
{[%clk 0:28:56]} 34. Rb7 {[%clk 0:12:44]} Kc8 {[%clk 0:28:54]} 35. Rb3
{[%clk 0:13:12]} Kd7 {[%clk 0:29:15]} 36. f3 {[%clk 0:13:35]} Kc8
{[%clk 0:23:28]} 37. Kf2 {[%clk 0:13:54]} Kd7 {[%clk 0:23:01]} 38. Ke2
{[%clk 0:14:16]} Kc8 {[%clk 0:17:10]} 39. Kd3 {[%clk 0:06:35]} Kd7
{[%clk 0:17:33]} 40. Ke3 {[%clk 0:37:03]} Kc8 {[%clk 0:46:18]} 41. Rd3
{[%clk 0:32:37]} Kb7 {[%clk 0:45:26]} 42. Rd7 {[%clk 0:29:46]} Re8
{[%clk 0:45:13]} 43. b4 {[%clk 0:29:24]} axb4 {[%clk 0:45:35]} 44. axb4
{[%clk 0:29:53]} Kc8 {[%clk 0:45:00]} 45. Rd1 {[%clk 0:30:03]} Rg8
{[%clk 0:44:25]} 46. Nb2 {[%clk 0:25:33]} g4 {[%clk 0:41:49]} 47. hxg4
{[%clk 0:26:00]} hxg4 {[%clk 0:42:13]} 48. Nd3 {[%clk 0:22:45]} Bg5+
{[%clk 0:41:51]} 49. Ke2 {[%clk 0:23:12]} gxf3+ {[%clk 0:41:20]} 50. Kxf3
{[%clk 0:23:38]} Rd8 {[%clk 0:41:18]} 51. Kg4 {[%clk 0:23:11]} Bf4
{[%clk 0:41:06]} 52. Kf5 {[%clk 0:16:52]} Rd4 {[%clk 0:39:09]} 53. Nf2
{[%clk 0:17:17]} Rxb4 {[%clk 0:38:25]} 54. Ng4 {[%clk 0:17:41]} Ra4
{[%clk 0:29:33]} 55. Nxe5 {[%clk 0:17:54]} Be3 {[%clk 0:29:15]} 56. Nd7
{[%clk 0:15:52]} Kd8 {[%clk 0:18:12]} 57. Nf8+ {[%clk 0:16:17]} Ke7
{[%clk 0:17:33]} 58. Ng6+ {[%clk 0:15:04]} Ke8 {[%clk 0:17:11]} 59. e5
{[%clk 0:14:22]} Bxc5 {[%clk 0:12:23]} 60. Kf6 {[%clk 0:10:58]} Bd4
{[%clk 0:09:17]} 61. Rh1 {[%clk 0:08:03]} c5 {[%clk 0:05:31]} 62. Kf5
{[%clk 0:08:17]} Bxe5 {[%clk 0:04:07]} 63. Nxe5 {[%clk 0:08:44]} c4
{[%clk 0:04:06]} 64. Rh4 {[%clk 0:06:24]} Ke7 {[%clk 0:02:57]} 65. Nxc4
{[%clk 0:06:11]} Ra1 {[%clk 0:02:38]} 66. Rh7+ {[%clk 0:06:36]} Kd8
{[%clk 0:02:58]} 67. Ke6 {[%clk 0:05:32]} Re1+ {[%clk 0:03:06]} 68. Ne5
{[%clk 0:05:09]} Kc8 {[%clk 0:03:31]} 69. Rh2 {[%clk 0:05:33]} Rd1
{[%clk 0:03:38]} 70. Rb2 {[%clk 0:05:54]} Re1 {[%clk 0:03:28]} 71. Rd2
{[%clk 0:05:47]} Rh1 {[%clk 0:03:29]} 72. Kd5 {[%clk 0:06:05]} Rh5
{[%clk 0:03:32]} 73. Rb2 {[%clk 0:06:16]} Rh1 {[%clk 0:03:23]} 74. Ra2
{[%clk 0:05:25]} Rd1+ {[%clk 0:03:33]} 75. Kc4 {[%clk 0:05:16]} Rc1+
{[%clk 0:03:52]} 76. Kd3 {[%clk 0:05:44]} Re1 {[%clk 0:04:12]} 77. Kd4
{[%clk 0:05:39]} Rd1+ {[%clk 0:04:19]} 78. Nd3 {[%clk 0:06:07]} Rh1
{[%clk 0:04:43]} 79. Rc2 {[%clk 0:06:36]} Rh4+ {[%clk 0:04:46]} 80. Ke5
{[%clk 0:07:04]} Rh5+ {[%clk 0:05:06]} 81. Ke4 {[%clk 0:07:32]} Rh1
{[%clk 0:05:10]} 82. Nf4 {[%clk 0:07:44]} Re1+ {[%clk 0:04:45]} 83. Kd5
{[%clk 0:07:52]} Kd7 {[%clk 0:04:54]} 84. Nd3 {[%clk 0:08:10]} Rd1
{[%clk 0:05:18]} 85. Ke4 {[%clk 0:08:38]} Kd6 {[%clk 0:05:22]} 86. Nb2
{[%clk 0:08:51]} Re1+ {[%clk 0:05:43]} 87. Kd4 {[%clk 0:09:18]} c5+
{[%clk 0:05:45]} 88. Kc4 {[%clk 0:09:04]} Re4+ {[%clk 0:06:04]} 89. Kb5
{[%clk 0:09:21]} Rb4+ {[%clk 0:06:11]} 90. Ka5 {[%clk 0:09:49]} Rb3
{[%clk 0:04:26]} 91. Na4 {[%clk 0:09:36]} Ra3 {[%clk 0:04:40]} 92. Rc1
{[%clk 0:09:57]} Rb3 {[%clk 0:04:23]} 93. Nxc5 {[%clk 0:10:12]} Rb2
{[%clk 0:04:42]} 94. Nd3 {[%clk 0:10:34]} Rh2 {[%clk 0:04:33]} 95. Kb5
{[%clk 0:11:00]} Rh5+ {[%clk 0:04:27]} 96. Nc5 {[%clk 0:11:22]} Rh2
{[%clk 0:04:43]} 97. Rd1+ {[%clk 0:11:50]} Ke5 {[%clk 0:05:08]} 98. Kc4
{[%clk 0:11:23]} Rc2+ {[%clk 0:05:30]} 99. Kb4 {[%clk 0:11:52]} Rb2+
{[%clk 0:05:47]} 100. Kc3 {[%clk 0:12:20]} Rh2 {[%clk 0:06:05]} 101. Nd3+
{[%clk 0:12:39]} Ke4 {[%clk 0:06:12]} 102. Re1+ {[%clk 0:13:05]} Kd5
{[%clk 0:06:34]} 103. Nf4+ {[%clk 0:13:30]} Kc5 {[%clk 0:06:43]} 104. Re5+
{[%clk 0:13:55]} Kd6 {[%clk 0:07:07]} 105. Rf5 {[%clk 0:14:21]} Ra2
{[%clk 0:07:13]} 106. Rb5 {[%clk 0:14:42]} Kc6 {[%clk 0:07:12]} 107. Rb2
{[%clk 0:15:09]} Rxb2 {[%clk 0:07:37]} 108. Kxb2 {[%clk 0:15:37]} 1/2-1/2